Największe miasta na każdą literę w Łódzkim - Statystyki

Ogólne statystyki
  • Ten quiz został rozwiązany 132 razy
    30 od ostatniego zresetowania
  • Średni wynik to 12 z 18
Statystyki odpowiedzi
Litera Liczba Ludności Miasto % Poprawnych
Ł 677 286 Łódź
100%
P 72 785 Piotrków Trybunalski
100%
B 56 973 Bełchatów
96%
A 21 739 Aleksandrów Łódzki
92%
R 45 843 Radomsko
88%
T 61 960 Tomaszów Mazowiecki
84%
Z 56 190 Zgierz
84%
S 47 932 Skierniewice
80%
O 21 060 Opoczno
76%
K 43 911 Kutno
64%
W 22 269 Wieluń
60%
G 14 119 Głowno
52%
I 829 Inowłódz
40%
U 3000 Uniejów
40%
D 5810 Działoszyn
36%
J 1 278 Jeżów
32%
L 2235 Lututów
28%
Ż 8109 Żychlin
28%
Nie znaleziono quizów pasujących do podanych kryteriów
Rozkład punktacji
Procent ludzi z każdym wynikiem
Percentyl według liczby udzielonych odpowiedzi
Twoja historia wyników
Nie rozwiązałeś tego quizu od ostatniego zresetowania